Performance and technology : practices of virtual embodiment and interactivity
Αποθηκεύτηκε σε:
| Άλλοι συγγραφείς: | , |
|---|---|
| Μορφή: | Βιβλίο |
| Γλώσσα: | English |
| Δημοσίευση: |
New York :
Palgrave Macmillan,
2006.
|
| Θέματα: | |
| Ετικέτες: |
Προσθήκη ετικέτας
Δεν υπάρχουν, Καταχωρήστε ετικέτα πρώτοι!
|
MARC
| LEADER | 00000cam a2200000 i 4500 | ||
|---|---|---|---|
| 001 | 1/101754 | ||
| 008 | 090225s2006 eng d | ||
| 020 | |a 978-1-4039-9907-8 | ||
| 035 | |l 10103391 | ||
| 040 | |a GR-MY-UA |b gre |e aacr | ||
| 041 | 0 | |a eng | |
| 082 | 0 | |a 700 |2 (22) | |
| 245 | 1 | 0 | |a Performance and technology : |b practices of virtual embodiment and interactivity / |c edited by Susan Broadhurst and Josephine Machon. |
| 260 | |a New York : |b Palgrave Macmillan, |c 2006. | ||
| 300 | |a xx, 203 σ. : |b εικ., χάρτες ; |c 23 εκ. | ||
| 504 | |a Περιέχει βιβλιογραφικές παραπομπές και ευρετήριο. | ||
| 650 | 0 | 0 | |a Technology and the arts. |
| 650 | 0 | 0 | |a Digital art. |
| 700 | 1 | |a Broadhurst, Susan, |e edtf | |
| 700 | 1 | |a Machon, Josephine |d 1979- |e edtf | |
| 852 | |a INST |b LESVOS |e 20090225 |h 700 PER |p 005100043972 |q 005100043972 |t BK |y 0 | ||
| 901 | |a BIBL1-2009-1 | ||
| 909 | |a Λ |b 154049 | ||
| 922 | |a 1ΕΛΗ |b 200809 |c ΕΠΕΑΕΚ2/ΠΤΕ |d ΜΙΧΑΛΟΠΟΥΛΟΣ | ||
| 970 | |a ΚΑΡΑ |b ΓΙΑΣΕΜΗ |z 2009/02/25 | ||